| 000 | 00335 a2200145 4500 | ||
|---|---|---|---|
| 001 | 92147 | ||
| 020 | _a9698866000 | ||
| 082 | _a297 KHA | ||
| 090 |
_c44108 _d44107 |
||
| 100 | _aZafarullah Khan | ||
| 245 | _aKisi Aur Zamane Ka Khwab | ||
| 260 |
_aIslamabad _bAimal Matboohat _c2004 |
||
| 300 | _axx, 149p. | ||
| 500 | _aGeneral Book | ||
| 942 |
_aCAE NUST _k297 KHA |
||
| 999 |
_c327220 _d327220 |
||